|
|
|
|
| LEADER |
00000nam0a2200000 4500 |
| 001 |
344037 |
| 005 |
20231102005624.0 |
| 010 |
|
|
|a 9785996306374
|
| 035 |
|
|
|a (RuTPU)RU\TPU\book\374981
|
| 090 |
|
|
|a 344037
|
| 100 |
|
|
|a 20191205d2019 m y0rusy50 ca
|
| 101 |
0 |
|
|a rus
|
| 102 |
|
|
|a RU
|
| 105 |
|
|
|a a j 001zy
|
| 200 |
1 |
|
|a Вероятность и статистика
|e учебное пособие
|f В. Б. Монсик, А. А. Скрынников
|
| 210 |
|
|
|a Москва
|c БИНОМ. Лаборатория знаний
|d 2019
|
| 215 |
|
|
|a 381 с.
|c ил.
|
| 320 |
|
|
|a Библиогр.: с. 376
|
| 606 |
1 |
|
|a Вероятностей теория и математическая статистика
|2 stltpush
|3 (RuTPU)RU\TPU\subj\2260
|9 30847
|
| 610 |
1 |
|
|a учебные пособия
|
| 610 |
1 |
|
|a комбинаторика
|
| 610 |
1 |
|
|a вероятностные задачи
|
| 610 |
1 |
|
|a теоремы
|
| 610 |
1 |
|
|a формулы
|
| 610 |
1 |
|
|a случайные величины
|
| 610 |
1 |
|
|a законы распределения
|
| 610 |
1 |
|
|a случайные векторы
|
| 610 |
1 |
|
|a случайные аргументы
|
| 610 |
1 |
|
|a функции
|
| 610 |
1 |
|
|a предельные теоремы
|
| 610 |
1 |
|
|a оценивание
|
| 610 |
1 |
|
|a статистическое оценивание
|
| 610 |
1 |
|
|a гипотезы
|
| 610 |
1 |
|
|a статистическая проверка
|
| 675 |
|
|
|a 519.2(075.8)
|v 4
|
| 700 |
|
1 |
|a Монсик
|b В. Б.
|g Владислав Борисович
|
| 701 |
|
1 |
|a Скрынников
|b А. А.
|g Андрей Александрович
|
| 801 |
|
1 |
|a RU
|b 63413507
|c 20191205
|
| 801 |
|
2 |
|a RU
|b 63413507
|c 20191213
|g RCR
|
| 942 |
|
|
|c BK
|